Tìm hiểu vũ trụ bằng các bức ảnh chụp từ vệ tinh

Hệ Mặt Trời. Thiên hà và tinh vân. Các hiện tượng xảy ra trong vũ trụ

Na minha lista:
Detalhes bibliográficos
Autor principal: Võ, Thị Phượng
Outros Autores: Trương, Thành Th.S (Hướng dẫn)
Formato: Livro
Idioma:Vietnamese
Publicado em: Đại học Đà Nẵng Trường đại học Sư Phạm 2008
Colecção:Khóa luận tốt nghiệp đại học. Chuyên ngành: Sư phạm Lý
Assuntos:
Tags: Adicionar Tag
Sem tags, seja o primeiro a adicionar uma tag!
Thư viện lưu trữ: Mạng thư viện Đại học Đà Nẵng
LEADER 01377nam a2200349 4500
001 000012174
003 8466
005 20120216110242.0
008 120216s2008 viesd
041 |a vie 
072 |a Khóa luận tốt nghiệp 
082 |a 523.1  |b VO-P 
100 |a Võ, Thị Phượng 
245 |a Tìm hiểu vũ trụ bằng các bức ảnh chụp từ vệ tinh  |c Võ, Thị Phượng 
260 |a Đại học Đà Nẵng  |b Trường đại học Sư Phạm  |c 2008 
300 |a 71 tr.  |b hình mhọa  |c 29 cm 
490 |a Khóa luận tốt nghiệp đại học. Chuyên ngành: Sư phạm Lý 
500 |a Tham khảo tr.71 
520 |a Hệ Mặt Trời. Thiên hà và tinh vân. Các hiện tượng xảy ra trong vũ trụ 
653 |a Khóa luận tốt nghiệp đại học 
653 |a Khoa Vật lý 
700 |a Trương, Thành  |c Th.S  |e Hướng dẫn 
OWN |a LSP 
AVA |a UDN50  |b LSP  |d 523.1 VO-P  |e available  |t Error 5001 Not defined in file expand_doc_bib_avail.  |f 1  |g 0  |h N  |i 0  |k 1 
999 |a From the UDN01 
AVA |a UDN50  |b LSP  |d 523.1 VO-P  |e available  |t Error 5001 Not defined in file expand_doc_bib_avail.  |f 1  |g 0  |h N  |i 0  |k 1 
TYP |a Monograph 
TYP |a Printed language 
980 |a Mạng thư viện Đại học Đà Nẵng